Los mecanismos económicos del desarrollo

Guardado en:
書目詳細資料
主要作者: Bairoch, Paul
格式: Texto
出版: San José: ITCO. Sección de Publicaciones
標簽: 添加標簽
沒有標簽, 成為第一個標記此記錄!

MARC

LEADER 00000 a a2200000 04500
001 15919
003
040
090 |a 016700  
100 |a Bairoch, Paul  
245 |a Los mecanismos económicos del desarrollo  
260 |a San José:   |b ITCO. Sección de Publicaciones  
300 |a 74 p.  
999 |c 5225  |d 5225